000 00401nam a2200157Ia 4500
008 240729s9999 xx 000 0 und d
022 _a2545-2819
245 0 _aNordic Concrete Research
260 _aPoland
260 _bSciendo
650 _a Building construction
650 _aTechnology
856 _uhttps://doaj.org/toc/ed6d26a091704ac0a1aa4c8bf1400fc9
942 _2ddc
942 _cDOAJEJ
999 _c66345
_d66345
945 _a1
_bMadushi Gamage
_c1
_dMadushi Gamage